| 000 | 00000nam 2200000za 4500 |
| 001 | 9.838597 |
| 003 | CaOODSP |
| 005 | 20221107151422 |
| 007 | cr ||||||||||| |
| 008 | 170620s1981 oncabo|#oc f001 0 eng d |
| 020 | |qpaper (v. A) : |z0-660-50887-7 |
| 020 | |qpaper (v. B) :|z0-660-50885-5 |
| 020 | |qpaper (set) : |z0-660-50886-9 |
| 040 | |aCaOODSP|beng |
| 041 | 1 |afre|aeng |
| 043 | |an-cn-qu |
| 045 | |ax1x5 |
| 086 | |aR64-81/1981-51-PDF|zR64-81/1981-51|zR64-81/1981-51A|zR64-81/1981-51B |
| 100 | 1 |aLemire, Robert. |
| 245 | 10|aInventaire des bâtiments construits entre 1919 et 1959 dans le vieux Montréal et les quartiers Saint-Georges et Saint-André |h[electronic resource] = |bInventory of buildings constructed between 1919 and 1959 in Old Montreal and Saint-Georges and Saint-André wards / |cRobert Lemire, research ; Monique Trépanier, manuscript coordinator and photographer. |
| 246 | 11|aInventory of buildings constructed between 1919 and 1959 in Old Montreal and Saint-Georges and Saint-André wards |
| 260 | |a[Ottawa] : |bDirection des lieux et des parcs historiques nationaux, Parcs Canada = National Historic Parks and Sites, Parks Canada,|cc1981. |
| 300 | |a2 v. (330 p.) : |bill., maps |
| 490 | 1 |aHistoire et archéologie = History and archaeology ;|v51a -51b |
| 500 | |aHistorical publication digitized from print in 2016. |
| 500 | |aIncludes indexes. |
| 504 | |aBibliography: v. A, p. 16. |
| 546 | |aText in French and English in parallel columns. |
| 692 | 07|2gccst|aHeritage architecture |
| 692 | 07|2gccst|aBuildings |
| 700 | 1 |aTrépanier, Monique. |
| 710 | 1 |aCanada. |bParks Canada. |bNational Historic Parks and Sites Branch. |
| 792 | |tInventaire des bâtiments construits entre 1919 et 1959 dans le vieux Montréal et les quartiers Saint-Georges et Saint-André |efre|w(CaOODSP)9.838581 |
| 830 | #0|aHistory and archaeology ;|v51A-51B|w(CaOODSP)9.837982 |
| 856 | 40|qPDF|s61.88 MB|uhttps://publications.gc.ca/collections/collection_2017/pc/R64-81-1981-51-1.pdf|z51A, p. 1-244 (Inventory) |
| 856 | 40|qPDF|s22.40 MB|uhttps://publications.gc.ca/collections/collection_2017/pc/R64-81-1981-51-2.pdf|z51B, p. 247-330 (Geographical index, Index of proper names, Illustrations) |